000 00473nam a2200181Ia 4500
005 20250508152946.0
008 008 250505s9999 xx 000 0 eng d
037 _aTextual
040 _aFEDL
_beng
_cFEDL
041 _aeng
_2eng
084 _aB, GAU
_qFEDL
100 _aGhose Shishir Kumar
245 0 _aLord gauranga
260 _aBombay, India
_bBharatiya Vidya Bhavan
_c1961
300 _a196p.
942 _cTEXL
_hB, GAU
999 _c1339831
_d1339831